[Event "Deltalift op"]
[Site "Tylosand"]
[Date "2018.05.12"]
[Round "7"]
[White "Wallin, Denis"]
[Black "Crevatin, Leo"]
[Result "1/2-1/2"]
[WhiteElo "2136"]
[BlackElo "2251"]
[PlyCount "36"]
[EventDate "2018.05.10"]
[EventType "swiss"]
[EventRounds "8"]
[EventCountry "SWE"]
[SourceTitle "CBM 184 Extra"]
[Source "ChessBase"]
[SourceDate "2018.06.28"]
[SourceVersion "1"]
[SourceVersionDate "2018.06.28"]
[SourceQuality "1"]

1. c4 e6 2. Nf3 d5 3. d4 c6 4. Qc2 dxc4 5. Qxc4 b5 6. Qc2 Bb7 7. g3 Nd7 8. Bg2 Rc8 9. Ne5 Ngf6 10. 0-0 Qb6 11. Nxd7 Nxd7 12. Rd1 Be7 13. Nc3 0-0 14. Be3 Qc7 15. Rac1 a6 16. Ne4 Qa5 17. a3 Rfd8 18. Rd3 e5 1/2-1/2

[Event "Deltalift op"]
[Site "Tylosand"]
[Date "2018.05.11"]
[Round "5"]
[White "Wallin, Denis"]
[Black "Linusson, Lasse"]
[Result "1/2-1/2"]
[WhiteElo "2136"]
[BlackElo "1962"]
[PlyCount "88"]
[EventDate "2018.05.10"]
[EventType "swiss"]
[EventRounds "8"]
[EventCountry "SWE"]
[SourceTitle "CBM 184 Extra"]
[Source "ChessBase"]
[SourceDate "2018.06.28"]
[SourceVersion "1"]
[SourceVersionDate "2018.06.28"]
[SourceQuality "1"]

1. d4 Nf6 2. Nf3 g6 3. Bg5 d6 4. Bxf6 exf6 5. e3 Nc6 6. c4 Bg7 7. Nc3 Ne7 8. Qb3 f5 9. g3 Rb8 10. Bg2 h6 11. h4 Bd7 12. 0-0 0-0 13. Rfd1 b6 14. a4 a5 15. Rac1 Nc6 16. Nd5 Be6 17. Qc2 Ne7 18. Ne1 Re8 19. Nd3 Rc8 20. b4 axb4 21. N3xb4 Bxd5 22. cxd5 Kh8 23. Bf1 f4 24. exf4 Nf5 25. Ba6 Nxd4 26. Rxd4 Bxd4 27. Nc6 Qf6 28. Bxc8 Rxc8 29. Nxd4 Qxd4 30. Qc6 Qf6 31. Kg2 h5 32. Qb5 Kg7 33. a5 bxa5 34. Qxa5 Qd4 35. Qb5 Qe4+ 36. Kh2 Qe7 37. Qb7 Qd7 38. Rc4 Qf5 39. Qb2+ Qf6 40. Qd2 Qf5 41. Qc3+ Qf6 42. Qd3 Qf5 43. Qd2 Qf6 44. Kg2 Qf5 1/2-1/2

[Event "Deltalift op"]
[Site "Tylosand"]
[Date "2018.05.10"]
[Round "3"]
[White "Wallin, Denis"]
[Black "Pantzar, Milton"]
[Result "0-1"]
[WhiteElo "2136"]
[BlackElo "2333"]
[PlyCount "110"]
[EventDate "2018.05.10"]
[EventType "swiss"]
[EventRounds "8"]
[EventCountry "SWE"]
[SourceTitle "CBM 184 Extra"]
[Source "ChessBase"]
[SourceDate "2018.06.28"]
[SourceVersion "1"]
[SourceVersionDate "2018.06.28"]
[SourceQuality "1"]

1. b3 e5 2. Bb2 Nc6 3. e3 d5 4. Bb5 Nge7 5. Bxe5 a6 6. Bxc6+ Nxc6 7. Bg3 h5 8. h3 h4 9. Bf4 Bf5 10. d3 Qf6 11. c3 Nb4 12. Nf3 Nxd3+ 13. Kf1 Nxf4 14. exf4 0-0-0 15. Qd4 Bd6 16. Qxf6 gxf6 17. g3 hxg3 18. fxg3 Rxh3 19. Rxh3 Bxh3+ 20. Kf2 Rh8 21. b4 Bg4 22. Nbd2 b6 23. a3 c6 24. Kg2 Kd7 25. Re1 a5 26. Nb3 axb4 27. axb4 Ra8 28. Ra1 Rxa1 29. Nxa1 c5 30. bxc5 bxc5 31. Nb3 Kc6 32. Nfd2 Bc7 33. Kf2 Bb6 34. c4 Bc7 35. Ke3 dxc4 36. Nxc4 Kd5 37. Nbd2 Bh3 38. Kf3 Bc8 39. g4 Ba6 40. Ne3+ Ke6 41. Nb3 Bb6 42. Ke4 Bb7+ 43. Kd3 Ba6+ 44. Ke4 Kd6 45. Kf5 c4 46. Nxc4+ Bxc4 47. Nd2 Bd5 48. Kxf6 Be3 49. Nb1 Bxf4 50. Na3 Be5+ 51. Kf5 Be6+ 52. Kg5 Kc5 53. Nc2 Bc3 54. Kh5 Bd2 55. g5 Bb3 0-1

[Event "Deltalift op"]
[Site "Tylosand"]
[Date "2017.05.27"]
[Round "7"]
[White "Wallin, Denis"]
[Black "Jepson, Christian"]
[Result "1/2-1/2"]
[WhiteElo "2154"]
[BlackElo "2429"]
[PlyCount "80"]
[EventDate "2017.05.25"]
[EventType "swiss"]
[EventRounds "8"]
[EventCountry "SWE"]
[SourceTitle "CBM 178 Extra"]
[Source "ChessBase"]
[SourceDate "2017.06.22"]
[SourceVersion "1"]
[SourceVersionDate "2017.06.22"]
[SourceQuality "1"]

1. d4 d5 2. c4 e6 3. Nf3 Nf6 4. Nc3 Nbd7 5. Bf4 dxc4 6. e3 b5 7. Nxb5 Bb4+ 8. Nc3 Nd5 9. Qc2 Ba6 10. Bg3 c5 11. Rc1 cxd4 12. exd4 Qa5 13. a3 Be7 14. Be2 Rc8 15. 0-0 0-0 16. Ne4 Qb6 17. Rfe1 h6 18. Ne5 Nxe5 19. dxe5 Rb8 20. Rb1 Qc6 21. Rec1 Rb6 22. Bxc4 Qxc4 23. Qxc4 Bxc4 24. Rxc4 Bxa3 25. Ra4 Rxb2 26. Rxb2 Bxb2 27. Rxa7 Rc8 28. h3 Rc1+ 29. Kh2 Rc7 30. Rxc7 Nxc7 31. Nd6 Nd5 32. Kg1 Ne7 33. Bh2 Ng6 34. Nc4 Bd4 35. Kf1 Kf8 36. Ke2 Ke7 37. f3 Kd7 38. Kd3 Bf2 39. Ke4 Bc5 40. g4 Ke7 1/2-1/2

[Event "Deltalift op"]
[Site "Tylosand"]
[Date "2016.05.06"]
[Round "6"]
[White "Berglind, Axel"]
[Black "Wallin, Denis"]
[Result "1/2-1/2"]
[WhiteElo "1873"]
[BlackElo "2184"]
[PlyCount "80"]
[EventDate "2016.05.05"]
[EventType "swiss"]
[EventRounds "8"]
[EventCountry "SWE"]
[SourceTitle "CBM 172 Extra"]
[Source "ChessBase"]
[SourceDate "2016.06.21"]
[SourceVersion "1"]
[SourceVersionDate "2016.06.21"]
[SourceQuality "1"]

1. c4 e6 2. Nf3 c5 3. g3 b6 4. Bg2 Bb7 5. 0-0 Nf6 6. b3 Be7 7. Bb2 d5 8. cxd5 exd5 9. d4 0-0 10. Nc3 Nc6 11. e3 Ba6 12. Re1 Ne4 13. Bf1 Bxf1 14. Rxf1 Nxc3 15. Bxc3 Qd6 16. Qd3 Rfd8 17. Rad1 Qe6 18. Kg2 a5 19. Rfe1 a4 20. Qc2 axb3 21. axb3 f5 22. Ra1 Qe4 23. Qxe4 fxe4 24. Ng1 cxd4 25. Bxd4 Nxd4 26. exd4 Bb4 27. Red1 Rac8 28. Rac1 g5 29. Ne2 Kf7 30. g4 b5 31. Ra1 Rc2 32. Ng3 e3 33. Kf3 Rxf2+ 34. Kxe3 Rxh2 35. Rh1 Re8+ 36. Kf3 Rxh1 37. Rxh1 Rc8 38. Rxh7+ Kg6 39. Rb7 Rc3+ 40. Kg2 Rxb3 1/2-1/2

[Event "Deltalift op"]
[Site "Tylosand"]
[Date "2016.05.05"]
[Round "1"]
[White "Andersson, Jan"]
[Black "Wallin, Denis"]
[Result "0-1"]
[WhiteElo "1847"]
[BlackElo "2184"]
[PlyCount "154"]
[EventDate "2016.05.05"]
[EventType "swiss"]
[EventRounds "8"]
[EventCountry "SWE"]
[SourceTitle "CBM 172 Extra"]
[Source "ChessBase"]
[SourceDate "2016.06.21"]
[SourceVersion "1"]
[SourceVersionDate "2016.06.21"]
[SourceQuality "1"]

1. e4 d5 2. exd5 Qxd5 3. Nc3 Qd6 4. d4 c6 5. Bc4 Nf6 6. Nge2 Bg4 7. f3 Bf5 8. Bf4 Qb4 9. Bb3 e6 10. a3 Qa5 11. 0-0 Be7 12. Ng3 Bg6 13. Re1 0-0 14. Nce4 Nd5 15. Bd2 Qb6 16. c4 Qxd4+ 17. Kh1 Nf6 18. Qc2 Qb6 19. Be3 c5 20. Ba2 Qc7 21. Qf2 b6 22. Rac1 Nxe4 23. fxe4 Bf6 24. Bf4 Be5 25. Bxe5 Qxe5 26. b4 Nc6 27. b5 Nd4 28. Bb1 a6 29. a4 axb5 30. axb5 Ra3 31. Qb2 Rfa8 32. Ne2 Rb3 33. Qd2 Nxe2 34. Qxe2 h5 35. Red1 Rb2 36. Rc2 Rxc2 37. Qxc2 Ra1 38. Rg1 Kh7 39. h3 Ra3 40. Qe2 Rc3 41. Rd1 Rb3 42. Bd3 Rb2 43. Qf3 Rb3 44. Qe2 h4 45. Qf2 Qg5 46. Qc2 Ra3 47. Qb2 Ra8 48. Bb1 Rd8 49. Rxd8 Qxd8 50. Qe2 Qg5 51. Bc2 e5 52. Bd3 Qc1+ 53. Kh2 Qf4+ 54. Kh1 Kh6 55. Bc2 f6 56. Bd3 Bh5 57. Qe1 Qg3 58. Qf1 Kh7 59. Bc2 Bg6 60. Bd3 Qe3 61. Qb1 Bf7 62. Qd1 Kh6 63. Qf1 Be6 64. Qd1 g5 65. Qf1 Kg6 66. Qd1 Bxh3 67. gxh3 Qxh3+ 68. Kg1 Qg3+ 69. Kh1 g4 70. Be2 Qh3+ 71. Kg1 Qe3+ 72. Kh1 Qxe4+ 73. Kh2 Qf4+ 74. Kh1 Kg5 75. Kg2 h3+ 76. Kh1 Qe4+ 77. Kg1 Qg2# 0-1

[Event "Deltalift op"]
[Site "Tylosand"]
[Date "2016.05.05"]
[Round "4"]
[White "Wallin, Denis"]
[Black "Jepson, Christian"]
[Result "0-1"]
[WhiteElo "2184"]
[BlackElo "2440"]
[PlyCount "62"]
[EventDate "2016.05.05"]
[EventType "swiss"]
[EventRounds "8"]
[EventCountry "SWE"]
[SourceTitle "CBM 172 Extra"]
[Source "ChessBase"]
[SourceDate "2016.06.21"]
[SourceVersion "1"]
[SourceVersionDate "2016.06.21"]
[SourceQuality "1"]

1. Nf3 g6 2. c4 Bg7 3. Nc3 c5 4. d4 cxd4 5. Nxd4 Nc6 6. Nc2 d6 7. g3 b6 8. Bg2 Bb7 9. 0-0 Bxc3 10. bxc3 Na5 11. Bxb7 Nxb7 12. Qd4 Nf6 13. Bh6 Nc5 14. Ne3 Rg8 15. f4 Qd7 16. f5 0-0-0 17. a4 Nb3 18. Qd1 Nxa1 19. Qxa1 Qc6 20. a5 g5 21. axb6 axb6 22. Qa6+ Kc7 23. Qa7+ Qb7 24. Qa4 Ra8 25. Qb3 Qc6 26. Rd1 Qc5 27. Rd4 e5 28. fxe6 fxe6 29. Kg2 Rg6 30. Nd5+ exd5 31. cxd5 b5 0-1

[Event "Deltalift op"]
[Site "Tylosand"]
[Date "2015.05.16"]
[Round "8"]
[White "Wallin, Denis"]
[Black "Rydstrom, Tom"]
[Result "1/2-1/2"]
[WhiteElo "2142"]
[BlackElo "2291"]
[PlyCount "45"]
[EventDate "2015.05.14"]
[EventType "swiss"]
[EventRounds "8"]
[EventCountry "SWE"]
[SourceTitle "CBM 166 Extra"]
[Source "ChessBase"]
[SourceDate "2015.06.18"]
[SourceVersion "1"]
[SourceVersionDate "2015.06.18"]
[SourceQuality "1"]

1. Nf3 Nf6 2. c4 c6 3. Qc2 d5 4. d4 e6 5. g3 Nbd7 6. Bg2 Bd6 7. 0-0 0-0 8. Bg5 h6 9. Bxf6 Qxf6 10. Rd1 dxc4 11. Qxc4 e5 12. Nc3 Qe7 13. d5 Nb6 14. Qb3 c5 15. Ne4 Bd7 16. Nxd6 Qxd6 17. Qc3 Rfe8 18. Nd2 Bf5 19. e4 Bg4 20. f3 Bd7 21. b3 Rac8 22. Bf1 Rc7 23. a4 1/2-1/2

[Event "Deltalift op"]
[Site "Tylosand"]
[Date "2015.05.15"]
[Round "5"]
[White "Lind, Jan Olov"]
[Black "Wallin, Denis"]
[Result "1/2-1/2"]
[WhiteElo "2245"]
[BlackElo "2142"]
[PlyCount "149"]
[EventDate "2015.05.14"]
[EventType "swiss"]
[EventRounds "8"]
[EventCountry "SWE"]
[SourceTitle "CBM 166 Extra"]
[Source "ChessBase"]
[SourceDate "2015.06.18"]
[SourceVersion "1"]
[SourceVersionDate "2015.06.18"]
[SourceQuality "1"]

1. e4 d5 2. exd5 Qxd5 3. Nc3 Qd6 4. d4 c6 5. g3 Nf6 6. Bg2 Bg4 7. Nf3 e6 8. 0-0 Be7 9. a3 a5 10. Na4 0-0 11. Nb6 Ra6 12. Nc4 Qd8 13. Nce5 Bxf3 14. Nxf3 b5 15. a4 Qb6 16. Re1 Rd8 17. Bf1 Ra7 18. Bd3 Nbd7 19. Qe2 b4 20. Bd2 c5 21. Bc4 Nf8 22. c3 bxc3 23. bxc3 cxd4 24. cxd4 Nd5 25. Reb1 Bb4 26. Bxd5 Rxd5 27. Bxb4 axb4 28. Qc4 Rb7 29. Rb3 Ra5 30. Ne5 Qa6 31. Rxb4 Rxb4 32. Qxb4 f6 33. Nc6 Rh5 34. Nb8 Qe2 35. Qe1 Qg4 36. f4 e5 37. dxe5 fxe5 38. Qe4 Qh3 39. Qd5+ Kh8 40. Qg2 Qc8 41. Nc6 exf4 42. Rc1 fxg3 43. hxg3 Qg4 44. Rf1 Ng6 45. Qf3 Qxf3 46. Rxf3 Rc5 47. Rb3 h6 48. Rb6 Rc3 49. a5 Nf8 50. Kg2 Nd7 51. Rb7 Nc5 52. Rb8+ Kh7 53. Nb4 Ne4 54. a6 Rxg3+ 55. Kf1 Ra3 56. Rb6 Nc5 57. Rc6 Nxa6 58. Nxa6 Ra2 59. Nc7 h5 60. Ne8 Ra5 61. Kg2 Re5 62. Nc7 g6 63. Ne6 Kh6 64. Nf4 Rg5+ 65. Kh3 Rg4 66. Ne6 Kh7 67. Rc7+ Kh6 68. Rc8 Kh7 69. Nf8+ Kh6 70. Nd7 Kg5 71. Ne5 Re4 72. Rc5 Re3+ 73. Kg2 Kf6 74. Nf3 Re4 75. Kg3 1/2-1/2

[Event "Deltalift op"]
[Site "Tylosand"]
[Date "2015.05.14"]
[Round "2"]
[White "Wallin, Denis"]
[Black "Hillarp Persson, Tiger"]
[Result "1/2-1/2"]
[WhiteElo "2142"]
[BlackElo "2548"]
[PlyCount "80"]
[EventDate "2015.05.14"]
[EventType "swiss"]
[EventRounds "8"]
[EventCountry "SWE"]
[SourceTitle "CBM 166 Extra"]
[Source "ChessBase"]
[SourceDate "2015.06.18"]
[SourceVersion "1"]
[SourceVersionDate "2015.06.18"]
[SourceQuality "1"]

1. Nf3 Nf6 2. c4 g6 3. Nc3 Bg7 4. e4 d6 5. d4 0-0 6. Be2 Bg4 7. h3 Bxf3 8. Bxf3 Nfd7 9. d5 Na6 10. 0-0 c5 11. Be2 Nc7 12. a4 e6 13. dxe6 Nxe6 14. Qxd6 Nd4 15. Bg4 Ne5 16. Qxc5 Nb3 17. Qa3 Nxa1 18. Qxa1 Nxg4 19. hxg4 Qc8 20. b3 Qxg4 21. Bb2 f6 22. f3 Qe6 23. Nd5 Rf7 24. Re1 Re8 25. Bd4 a6 26. a5 h5 27. Qc3 Kh7 28. Kf2 Ref8 29. Re2 Bh6 30. Re1 f5 31. e5 f4 32. Nf6+ Kh8 33. Qd3 Rg7 34. Bc5 Rc8 35. Ne4 Qxe5 36. Bd4 Qe7 37. Nd6 Qh4+ 38. Kf1 Qh1+ 39. Kf2 Qh4+ 40. Kf1 Qh1+ 1/2-1/2

[Event "Deltalift op"]
[Site "Halmstad"]
[Date "2014.05.31"]
[Round "8"]
[White "Christiansen, Johan Sebastian"]
[Black "Wallin, Denis"]
[Result "1/2-1/2"]
[WhiteElo "2236"]
[BlackElo "2122"]
[PlyCount "64"]
[EventDate "2014.03.29"]
[EventType "swiss"]
[EventRounds "8"]
[EventCountry "SWE"]
[SourceTitle "EXT 2015"]
[Source "ChessBase"]
[SourceDate "2014.11.20"]
[SourceVersion "1"]
[SourceVersionDate "2014.11.20"]
[SourceQuality "1"]

1. c4 e6 2. d4 Bb4+ 3. Nc3 c5 4. dxc5 Nf6 5. Qc2 Bxc5 6. Nf3 Nc6 7. e3 0-0 8. a3 d5 9. b4 Be7 10. Bb2 Qc7 11. Ng5 g6 12. h4 dxc4 13. h5 Ne5 14. hxg6 Nxg6 15. Qe2 Rd8 16. Rb1 a5 17. b5 Qc5 18. Nf3 e5 19. Qxc4 Bf5 20. Qxc5 Bxc5 21. Rc1 Rac8 22. Be2 e4 23. Nh4 Nxh4 24. Rxh4 Be7 25. Rd1 Rxd1+ 26. Nxd1 Bg6 27. Rh3 Rc2 28. f3 Nd7 29. f4 f5 30. g4 Kf7 31. gxf5 Bxf5 32. Rh2 Kf8 1/2-1/2

[Event "SWE-chT 0506"]
[Site "Sweden"]
[Date "2005.??.??"]
[Round "2"]
[White "Wallin, Denis"]
[Black "Andersson, Fredrik"]
[Result "1/2-1/2"]
[WhiteElo "2277"]
[BlackElo "2302"]
[PlyCount "35"]
[EventDate "2005.10.??"]
[EventType "team"]
[EventRounds "11"]
[EventCountry "SWE"]
[SourceTitle "EXT 2008"]
[Source "ChessBase"]
[SourceDate "2007.11.25"]
[SourceVersion "1"]
[SourceVersionDate "2007.11.25"]
[SourceQuality "1"]
[WhiteTeam "Kamraterna"]
[BlackTeam "Sollentuna"]
[WhiteTeamCountry "SWE"]
[BlackTeamCountry "SWE"]

1. b3 d5 2. Bb2 Nf6 3. Nf3 c6 4. g3 Bg4 5. Ne5 Bh5 6. Bg2 Nbd7 7. d4 e6 8. Nd2 Nxe5 9. dxe5 Nd7 10. c4 Qb8 11. f4 Bc5 12. cxd5 cxd5 13. Nf3 a6 14. Bd4 Bb4+ 15. Kf2 0-0 16. a3 Be7 17. Rf1 Rc8 18. Kg1 1/2-1/2

[Event "SWE-chT 0506"]
[Site "Sweden"]
[Date "2005.??.??"]
[Round "3"]
[White "Wallin, Denis"]
[Black "Ornstein, Axel"]
[Result "1-0"]
[WhiteElo "2277"]
[BlackElo "2425"]
[PlyCount "61"]
[EventDate "2005.10.??"]
[EventType "team"]
[EventRounds "11"]
[EventCountry "SWE"]
[SourceTitle "EXT 2008"]
[Source "ChessBase"]
[SourceDate "2007.11.25"]
[SourceVersion "1"]
[SourceVersionDate "2007.11.25"]
[SourceQuality "1"]
[WhiteTeam "Kamraterna"]
[BlackTeam "Sodra"]
[WhiteTeamCountry "SWE"]
[BlackTeamCountry "SWE"]

1. b3 e5 2. Bb2 Nc6 3. e3 d6 4. d4 Bd7 5. Nf3 e4 6. Nfd2 f5 7. c4 Nf6 8. Nc3 g6 9. h4 Bg7 10. Ne2 Nh5 11. g3 Nb4 12. Nf4 Nxf4 13. gxf4 c5 14. Qc1 cxd4 15. Bxd4 Bxd4 16. exd4 Qf6 17. a3 Nd3+ 18. Bxd3 exd3 19. Nf3 0-0-0 20. Kd2 Rhe8 21. Kxd3 Re4 22. Qd2 d5 23. Kc3 dxc4 24. bxc4 Qd6 25. Ne5 Ba4 26. d5 Qc5 27. Kb2 Qb6+ 28. Kc1 Qb3 29. Ra2 Re8 30. Rb2 Rxc4+ 31. Kb1 1-0

[Event "Hallsberg"]
[Site "Hallsberg"]
[Date "2004.01.04"]
[Round "8"]
[White "Wallin, Denis"]
[Black "Kanep, Meelis"]
[Result "1-0"]
[WhiteElo "2129"]
[BlackElo "2452"]
[PlyCount "89"]
[EventDate "2003.12.28"]
[EventType "tourn"]
[EventRounds "9"]
[EventCountry "SWE"]
[EventCategory "5"]
[SourceTitle "CBM 098 Extra"]
[Source "ChessBase"]
[SourceDate "2004.03.10"]
[SourceVersion "2"]
[SourceVersionDate "2004.03.10"]
[SourceQuality "1"]

1. e4 c5 2. Nf3 e6 3. d3 Nc6 4. Nbd2 g6 5. g3 Bg7 6. Bg2 Nge7 7. 0-0 0-0 8. Re1 d6 9. h4 b5 10. Nf1 b4 11. h5 a5 12. hxg6 fxg6 13. e5 dxe5 14. Ng5 Nd5 15. Ne4 Qb6 16. Be3 Nxe3 17. Nxe3 Ba6 18. Nd6 Rad8 19. Ndc4 Qc7 20. Be4 Nd4 21. c3 Nf5 22. Qc2 Rf7 23. Rad1 Rdf8 24. Re2 Qd8 25. Ng2 Rd7 26. Rde1 h5 27. Bxf5 exf5 28. Nxe5 Bxe5 29. Rxe5 Bxd3 30. Qc1 Be4 31. Nf4 Qg5 32. R1xe4 Qg4 33. Re1 h4 34. Qe3 g5 35. Re8 Rdf7 36. Ng6 hxg3 37. Rxf8+ Rxf8 38. Qxg3 Qxg3+ 39. fxg3 Rf6 40. Ne7+ Kf7 41. Nd5 Rd6 42. c4 Kg6 43. Kg2 a4 44. Re8 g4 45. Rc8 1-0

[Event "SWE-ch U20"]
[Site "Sweden"]
[Date "2004.??.??"]
[Round "?"]
[White "Wallin, Denis"]
[Black "Forsberg, Viktor"]
[Result "1/2-1/2"]
[WhiteElo "2145"]
[BlackElo "2153"]
[PlyCount "53"]
[EventDate "2004.07.10"]
[EventType "tourn"]
[EventRounds "12"]
[EventCountry "SWE"]
[SourceTitle "EXT 2007"]
[Source "ChessBase"]
[SourceDate "2006.11.23"]
[SourceVersion "1"]
[SourceVersionDate "2006.11.23"]
[SourceQuality "1"]

1. e4 c5 2. Nf3 d6 3. Bb5+ Bd7 4. a4 Nc6 5. 0-0 Nf6 6. Re1 a6 7. Bf1 Bg4 8. h3 Bxf3 9. Qxf3 e6 10. c3 Be7 11. d3 0-0 12. Nd2 Rb8 13. Qd1 Re8 14. Nf3 d5 15. Bf4 Rc8 16. e5 Nd7 17. g3 Nf8 18. h4 Qc7 19. h5 b5 20. Qc2 Qb6 21. Bg2 c4 22. b4 Bxb4 23. dxc4 Be7 24. axb5 axb5 25. cxb5 Qxb5 26. Reb1 Qc5 27. Qd3 1/2-1/2

[Event "SWE-ch U18"]
[Site "Umea"]
[Date "2003.07.12"]
[Round "13"]
[White "Wallin, Denis"]
[Black "Andersson Fraenkel, Mikael"]
[Result "1/2-1/2"]
[WhiteElo "2259"]
[BlackElo "2074"]
[PlyCount "67"]
[EventDate "2003.06.29"]
[EventType "tourn"]
[EventRounds "13"]
[EventCountry "SWE"]
[SourceTitle "EXT 2004"]
[Source "ChessBase"]
[SourceDate "2003.11.25"]
[SourceVersion "1"]
[SourceVersionDate "2003.11.25"]
[SourceQuality "1"]

1. d4 Nf6 2. Nf3 e6 3. e3 d5 4. Bd3 Bd6 5. b3 0-0 6. Bb2 Ne4 7. 0-0 f5 8. Ne5 Qe7 9. c4 c6 10. f3 Nf6 11. Nd2 Bd7 12. Qc2 g6 13. Rfe1 Qg7 14. a4 Na6 15. c5 Nb4 16. Qc3 Nxd3 17. Qxd3 Bc7 18. b4 a6 19. Bc3 g5 20. Ra2 g4 21. f4 Ne4 22. Nxe4 fxe4 23. Qe2 Bxe5 24. dxe5 Rac8 25. Rd1 Rf5 26. Be1 Rh5 27. h3 Qh6 28. Qxg4+ Kf7 29. h4 Rg8 30. Qh3 Qg6 31. Kh2 Rf5 32. Bc3 h5 33. Rb1 Ke7 34. Rab2 1/2-1/2

[Event "SWE-ch U18"]
[Site "Umea"]
[Date "2003.07.11"]
[Round "12"]
[White "Andersson, Fredrik1111"]
[Black "Wallin, Denis"]
[Result "1/2-1/2"]
[WhiteElo "2282"]
[BlackElo "2259"]
[PlyCount "52"]
[EventDate "2003.06.29"]
[EventType "tourn"]
[EventRounds "13"]
[EventCountry "SWE"]
[SourceTitle "EXT 2004"]
[Source "ChessBase"]
[SourceDate "2003.11.25"]
[SourceVersion "1"]
[SourceVersionDate "2003.11.25"]
[SourceQuality "1"]

1. e4 e6 2. d4 d5 3. Nc3 Bb4 4. e5 b6 5. Qg4 Bf8 6. Bb5+ c6 7. Ba4 a5 8. a3 b5 9. Bb3 Ba6 10. Nce2 h5 11. Qf4 b4 12. a4 c5 13. Bd2 Nc6 14. h4 Nge7 15. c3 Bd3 16. Nf3 bxc3 17. bxc3 Qb6 18. Bd1 Nf5 19. Be3 Qb2 20. Rc1 cxd4 21. Nfxd4 Ncxd4 22. Nxd4 Nxd4 23. Qxd4 Bc4 24. Rc2 Qb7 25. Be2 Rc8 26. Qb6 Qxb6 1/2-1/2

[Event "SWE-ch U18"]
[Site "Umea"]
[Date "2003.07.01"]
[Round "3"]
[White "Semcesen, Daniel"]
[Black "Wallin, Denis"]
[Result "1-0"]
[WhiteElo "2333"]
[BlackElo "2259"]
[PlyCount "53"]
[EventDate "2003.06.29"]
[EventType "tourn"]
[EventRounds "13"]
[EventCountry "SWE"]
[SourceTitle "EXT 2004"]
[Source "ChessBase"]
[SourceDate "2003.11.25"]
[SourceVersion "1"]
[SourceVersionDate "2003.11.25"]
[SourceQuality "1"]

1. e4 c5 2. Nf3 g6 3. g3 Bg7 4. Bg2 Nc6 5. d3 e6 6. 0-0 Nge7 7. Nbd2 d5 8. Re1 b6 9. c3 Bb7 10. h4 h6 11. exd5 Nxd5 12. a4 0-0 13. Nc4 Qc7 14. Qe2 a6 15. h5 g5 16. Nxg5 hxg5 17. Bxg5 Rfe8 18. h6 f6 19. Bd2 Bh8 20. Qg4+ Kf8 21. Rxe6 Rxe6 22. Qxe6 Nd8 23. Qf5 Ne7 24. Qh7 Nf7 25. Bxb7 Qxb7 26. Nd6 Nxd6 27. Qxh8+ 1-0

[Event "SWE-ch U18"]
[Site "Umea"]
[Date "2003.06.30"]
[Round "2"]
[White "Wallin, Denis"]
[Black "Nilsson, Sebastian"]
[Result "1/2-1/2"]
[WhiteElo "2101"]
[BlackElo "2111"]
[PlyCount "37"]
[EventDate "2003.06.29"]
[EventType "tourn"]
[EventRounds "13"]
[EventCountry "SWE"]
[SourceTitle "EXT 2004"]
[Source "ChessBase"]
[SourceDate "2003.11.25"]
[SourceVersion "1"]
[SourceVersionDate "2003.11.25"]
[SourceQuality "1"]

1. d4 Nf6 2. Nf3 c5 3. e3 e6 4. Bd3 d5 5. b3 Nc6 6. Bb2 Be7 7. Nbd2 Bd7 8. a3 a6 9. Ne5 b6 10. Nxd7 Nxd7 11. a4 c4 12. Be2 0-0 13. 0-0 f5 14. c3 Bd6 15. f4 Qe7 16. Qc1 Nf6 17. Ba3 Rfc8 18. Bxd6 Qxd6 19. b4 1/2-1/2

[Event "SWE-ch U18"]
[Site "Umea"]
[Date "2003.06.29"]
[Round "1"]
[White "Ong, Kezli"]
[Black "Wallin, Denis"]
[Result "1/2-1/2"]
[WhiteElo "2241"]
[BlackElo "2259"]
[PlyCount "24"]
[EventDate "2003.06.29"]
[EventType "tourn"]
[EventRounds "13"]
[EventCountry "SWE"]
[SourceTitle "EXT 2004"]
[Source "ChessBase"]
[SourceDate "2003.11.25"]
[SourceVersion "1"]
[SourceVersionDate "2003.11.25"]
[SourceQuality "1"]

1. e4 c5 2. Nf3 Nc6 3. d4 cxd4 4. Nxd4 Nf6 5. Nc3 e5 6. Ndb5 h6 7. Nd6+ Bxd6 8. Qxd6 Qe7 9. Nb5 Qxd6 10. Nxd6+ Ke7 11. Nf5+ Kd8 12. Nxg7 Nd4 1/2-1/2

[Event "Hallsberg op U18 38th"]
[Site "Hallsberg"]
[Date "2003.01.03"]
[Round "7"]
[White "Wallin, Denis"]
[Black "Kryger, Oksana"]
[Result "1/2-1/2"]
[WhiteElo "2111"]
[BlackElo "2088"]
[PlyCount "96"]
[EventDate "2002.12.28"]
[EventType "swiss"]
[EventRounds "9"]
[EventCountry "SWE"]
[SourceTitle "CBM 091 Extra"]
[Source "ChessBase"]
[SourceDate "2003.01.09"]
[SourceVersion "1"]
[SourceVersionDate "2003.01.09"]
[SourceQuality "1"]

1. d4 Nf6 2. Nf3 e6 3. Bg5 h6 4. Bh4 c5 5. c3 b6 6. e3 Bb7 7. Be2 Be7 8. Nbd2 d6 9. 0-0 0-0 10. Bd3 Nbd7 11. e4 cxd4 12. cxd4 e5 13. Re1 Re8 14. b4 Nh5 15. Bxe7 Qxe7 16. d5 Nf4 17. Bf1 a5 18. g3 Ng6 19. a3 Rec8 20. Qb3 Ngf8 21. Nh4 g6 22. Rec1 axb4 23. axb4 Rxc1 24. Rxc1 Qg5 25. Nhf3 Qd8 26. Nc4 Qc7 27. Rc2 Rc8 28. Na3 Qb8 29. Nb5 Kg7 30. Nd2 Nf6 31. Rxc8 Bxc8 32. Qc4 Ne8 33. Qa2 f5 34. Qa7+ Qxa7 35. Nxa7 Bb7 36. f3 Nd7 37. Bb5 Ndf6 38. Bxe8 Nxe8 39. Nc4 fxe4 40. fxe4 Ba6 41. b5 Bb7 42. Nxb6 Nf6 43. Nac8 Nxe4 44. Kg2 Kf6 45. Kf3 Nc3 46. Nd7+ Kg7 47. Nxd6 Bxd5+ 48. Ke3 Nxb5 1/2-1/2

[Event "SWE-ch U20"]
[Site "Skara"]
[Date "2002.07.12"]
[Round "12"]
[White "Wallin, Denis"]
[Black "Tikkanen, Hans"]
[Result "1/2-1/2"]
[WhiteElo "2125"]
[BlackElo "2263"]
[PlyCount "35"]
[EventDate "2002.06.30"]
[EventType "tourn"]
[EventRounds "13"]
[EventCountry "SWE"]
[SourceTitle "CBM 089 Extra"]
[Source "ChessBase"]
[SourceDate "2002.09.10"]
[SourceVersion "2"]
[SourceVersionDate "2002.09.10"]
[SourceQuality "1"]

1. e4 c5 2. Nf3 g6 3. d4 cxd4 4. Nxd4 Bg7 5. c4 Nc6 6. Be3 Nf6 7. Nc3 0-0 8. Be2 d6 9. 0-0 Re8 10. Rc1 Nxd4 11. Bxd4 Bh6 12. Rc2 b6 13. Bxf6 exf6 14. Bf3 Ba6 15. Nb5 Bxb5 16. cxb5 Re5 17. Rc6 Bf8 18. Qd3 1/2-1/2

[Event "SWE-ch U20"]
[Site "Skara"]
[Date "2002.07.09"]
[Round "9"]
[White "Wallin, Denis"]
[Black "Ong, Kevin"]
[Result "1/2-1/2"]
[WhiteElo "2125"]
[BlackElo "2038"]
[PlyCount "24"]
[EventDate "2002.06.30"]
[EventType "tourn"]
[EventRounds "13"]
[EventCountry "SWE"]
[SourceTitle "CBM 089 Extra"]
[Source "ChessBase"]
[SourceDate "2002.09.10"]
[SourceVersion "2"]
[SourceVersionDate "2002.09.10"]
[SourceQuality "1"]

1. d4 d5 2. c4 e6 3. cxd5 exd5 4. Nc3 Nf6 5. Bg5 Nbd7 6. e3 c6 7. Bd3 Be7 8. Qc2 0-0 9. Nge2 Re8 10. 0-0-0 b6 11. Kb1 Bb7 12. Ng3 h6 1/2-1/2